000 01222nam0a22003131 4500
001 v19\rc\1499272
005 20250618161753.0
035 _a(NLR Aleph) 004626904
090 _a3114921
_c3114921
100 _a20060620e18821882|||y0rusy50 ca
101 0 _arus
102 _aRU
105 _aa z |||||
200 1 _aКомнатное и кухонное отопление минеральным углем
_f[А. Мевиус]
210 _aХарьков
_cтип. К.П. Счасни
_d1882
215 _a43, 7 с., 4 л. черт.
_d21
300 _aАвт. указан в конце текста
311 _aПерепеч. из № 6 и 7 "Юж.-рус. горн. листка"
316 _aЭкз. РНБ (Т80/Б-6/7): с автогр. авт.
_5NLR: Т80/Б-6/7
488 0 _12001#$aЮжно-русский горный листок$v№ 6, 7
_tЮжно-русский горный листок
700 1 _aМевиус
_bА.Ф.
_f1820-1898
_gАполлон Федорович
801 0 _aRU
_bNLR
_gpsbo
801 0 _aRU
_bRuMoRGB
_2psbo
801 1 _aRU
_bProSoft-M
_2rusmarc
852 _aNLR
_jТ80/Б-6/7
899 _aRuMoRGB
_jU 100/834
899 _aRuMoRGB
_jU 484/740
942 _cBOOK
980 _aNB